000 00578nam a2200217Ia 4500
005 20260115172632.0
008 008 260114s9999 xx 000 0 eng d
020 _a9781529205831
037 _aEBOOK
040 _aCRL
_beng
_cCRL
041 _aeng
_2eng
084 _qCRL
100 _aDavies et al
_9876964
245 0 _aNew Developments in Urban Governance
260 _bBristol University Press
260 _bCambridge University Press
260 _c2022
856 _uhttps://doi.org/10.46692/9781529205831
942 _cEBOOK
999 _c1475569
_d1475569